Statistics for Love Island 2023 Summer Series - Finalists Quiz

Click here to take the quiz!

General Stats

  • This quiz has been taken 22 times
  • The average score is 7 of 8

Answer Stats

Answer% Correct
Jess Harding
100%
Sammy Root
100%
Ella Thomas
94%
Tyrique Hyde
94%
Whitney Adebayo
94%
Lochan Nowacki
83%
Molly Marsh
83%
Zachariah Noble
83%

Score Distribution

Percentile by Number Answered

Percent of People with Each Score

Your Score History

You have not taken this quiz